000 00391nam a2200157Ia 4500
008 160316s1983 xxu||||| |||| 00| 0 eng d
082 _a371.291300
_bSEE
100 _aSeetharamu A S
245 _aEducation in slums
250 _a
260 _aNew Delhi
_bAshish Publishing House
_c1983
300 _a128
_b
_c
365 _b
650 _a1. Education - Slum Area - A Study
700 _a
_a
999 _c3174
_d3174